000 00292nam a22001337a 4500
008 181105b xxu||||| |||| 00| 0 eng d
020 _a9780618247905
041 _aeng
080 _a510
100 _a39
101 _aMAT
245 _aMultivariable Calculus
_cZorn,O
942 _2udc
_cBK
999 _c51812
_d51812